00577nam a22002057a 450000500170000001000130001702000220003003500130005203700160006504000120008108200160009310000220010924500690013126000410020027000450024130000210028665000290030765000320033670000030036820170124110020.0 aB-063116 c00.00a8172249500 aB-063116 bCen Lib/Ret aDPLbEN a646.79bVIE aVieira, Walter E. aA second career :cby Walter E.Vieirabwhat after retirement ? / aMumbaibJaico publishing housec2001 a121, Mahatma Gandhi RoadbMumbaie400023 a200p. c22cm(Hb) aVocation, Ecclesiastical aSeminarians--Religious life